Name a Valid Middle East Country - Statistics

General Stats
  • This quiz has been taken 3,506 times
    3,387 since last reset
  • The average score is 14 of 16
Answer Stats
Description Country % Correct
That borders Saudi Arabia Oman/Yemen/Qatar/United Arab Emirates/Jordan/Iraq/Kuwait
98%
That is an island country Bahrain/Cyprus
97%
That starts with I Israel/Iraq/Iran
97%
That borders Turkey Syria/Iraq/Iran
96%
That borders the Red Sea Israel/Jordan/Saudi Arabia/Yemen/Egypt
94%
That has a unique starting letter Oman/Yemen/Qatar
94%
That starts with an S sound Cyprus/Syria/Saudi Arabia
92%
With a population over 30,000,000 Egypt/Iraq/Iran/Turkey/Saudi Arabia
89%
Over 400,000 sq km desert area Saudi Arabia/Egypt/Yemen/Iran
89%
That does not use Arabic as an official language Cyprus/Israel/Iran/Turkey
87%
That has a Jetpunk abreviation Saudi Arabia/United Arab Emirates
87%
That has a megacity Turkey/Egypt/Iran
86%
Who’s capital starts with A Turkey/Jordan/United Arab Emirates
85%
That borders Africa Egypt
82%
That is transcontinental Turkey/Egypt
82%
With a crescent on their national flag Turkey/Iran
80%
No matching quizzes found
Score Distribution
Percent of People with Each Score
Percentile by Number Answered
Your Score History
You have not taken this quiz since the last reset